Revolución económica e industrialización en América Latina /

Furkejuvvon:
Bibliográfalaš dieđut
Váldodahkki: Teichert, Pedro D. M
Eará dahkkit: Torner, Florentino M
Materiálatiipa: Texto
Almmustuhtton: México, D.F.: FCE
Fáddágilkorat: Lasit fáddágilkoriid
Eai fáddágilkorat, Lasit vuosttaš fáddágilkora!

MARC

LEADER 00000 a a2200000 04500
001 22974
003
040
090 |a 157700  
100 |a Teichert, Pedro D. M  
245 |a Revolución económica e industrialización en América Latina /  |c Pedro D. M. Teichert  
260 |a México, D.F.:   |b FCE  
700 |a Torner, Florentino M  
999 |c 17306  |d 17306